| Tag |
First Indicator |
Second Indicator |
Subfields |
| LEADER |
00000cam a2200000Ia 4500 |
| 001 |
in00001702363 |
| 005 |
20151024153107.0 |
| 008 |
020905s1955 ru a b 000 0 rus |
| 010 |
|
|
|a 56027015
|
| 035 |
|
|
|a (OCoLC)ocm50550371
|
| 040 |
|
|
|a DLC
|c ZCU
|d TXA
|d UtOrBLW
|
| 049 |
|
|
|a TXAM
|
| 050 |
0 |
0 |
|a TJ173
|b .P7
|
| 100 |
1 |
|
|a Prigorovskiĭ, N. I.
|
| 245 |
1 |
0 |
|a Izmerenie naprai︠a︡zheniĭ i usiliĭ v detali︠a︡kh mashin :
|b sbornik rabot /
|c pod red. N.I. Prigorovskogo.
|
| 264 |
|
1 |
|a Moskva :
|b Mashgiz,
|c 1955.
|
| 300 |
|
|
|a 222 pages :
|b illustrations ; 23 cm.
|
| 336 |
|
|
|a text
|b txt
|2 rdacontent
|
| 337 |
|
|
|a unmediated
|b n
|2 rdamedia
|
| 338 |
|
|
|a volume
|b nc
|2 rdacarrier
|
| 504 |
|
|
|a Bibliographies at end of articles.
|
| 650 |
|
0 |
|a Strains and stresses.
|
| 650 |
|
0 |
|a Machinery
|x Testing.
|
| 948 |
|
|
|a cataloged
|b h
|c 2002/9/16
|d c
|e tchubaryan
|f 2:36:34 pm
|
| 949 |
|
|
|a updated
|b h
|c 2002/9/16
|e tchubaryan
|f 2:36:39 pm
|
| 994 |
|
|
|a E0
|b TXA
|
| 999 |
|
|
|a MARS
|
| 999 |
f |
f |
|s 728fd26d-7e23-341f-aacd-e02fbe297ed6
|i f3c0dceb-c389-37a3-acfe-271789e4070c
|t 0
|
| 952 |
f |
f |
|p ric
|a Texas A&M University
|b Rellis Campus
|c Joint Library Facility
|d Remote Storage
|t 0
|e TJ173 .P7
|h Library of Congress classification
|i unmediated -- volume
|m A14829230653
|
| 998 |
f |
f |
|a TJ173 .P7
|t 0
|l Remote Storage
|